Musical Acts by Lineup - Statistics

General Stats
  • This quiz has been taken 581 times
    543 since last reset
  • The average score is 7 of 13
Answer Stats
Hint Answer % Correct
Jim Morrison, Ray Manzarek, Robby Krieger, John Densmore The Doors
87%
Gwen Stefani, Tony Kanal, Adrian Young, Tom Dumont No Doubt
86%
Pete Townshend, Roger Daltrey, John Entwistle, Keith Moon The Who
86%
Courtney Love, Melissa Auf Der Mar, Patty Schemel, Eric Erlandson Hole
79%
Brian Wilson, Carl Wilson, Dennis Wilson, Mike Love, Al Jardine The Beach Boys
73%
Annie Lennox, David A. Stewart Eurythmics
71%
Damon Albarn, Graham Coxon, Alex James, Dave Rowntree Blur
51%
Caleb Followill, Nathan Followill, Jared Followill, Matthew Followill Kings of Leon
45%
Joshua Homme, Dave Grohl, Nick Oliveri, Mark Lanegan, Joey Castillo, etc.. Queens of the Stone Age
39%
Patrick Carney, Dan Auerbach The Black Keys
27%
Pete Doherty, Carl Barât, Gary Powell, John Hassall The Libertines
27%
Thomas Bangalter, Guy-Manuel de Homem-Christo Daft Punk
21%
Tom Meighan, Sergio Pizzorno, Chris Edwards, Ian Matthews Kasabian
17%
No matching quizzes found
Score Distribution
Percent of People with Each Score
Percentile by Number Answered
Your Score History
You have not taken this quiz since the last reset